| 000 | 01349nam0a22002411 4500 | ||
|---|---|---|---|
| 001 | rc\2811250 | ||
| 005 | 20260408083407.0 | ||
| 035 | _a(NLR Aleph) 006937100 | ||
| 090 |
_a7607840 _c7607840 |
||
| 100 | _a20110915d1936 |||y0rusy50 ca | ||
| 101 | 0 | _arus | |
| 102 | _aRU | ||
| 105 | _ae z ||||| | ||
| 200 | 1 |
_aКонституция (основной закон) Союза советских социалистических республик _eПроект Конституции CССР, представленный Конституционной комиссией ЦИК СССР и одобренный Президиумом ЦИК СССР для внесения на рассмотрение Всес. съезда советов |
|
| 210 |
_aСвердловск _cОблисполком _d1936 _gгаз.-журн. тип. [изд-ва] "Урал. рабочий" |
||
| 215 |
_a46, [2] с., включ. папку, переплет, [30] отд. сброшюров. л. для записи _d14х9 см. |
||
| 225 | 1 | _aДелегату 2 Чрезвычайного съезда советов Свердловской области | |
| 740 | 1 |
_aСССР _tКонституция _f1936 _3RU\NLR\AUTH\8810166668 _9829265 |
|
| 801 | 0 |
_aRU _bNLR _gpsbo |
|
| 801 | 1 |
_aRU _bELAR _2rusmarc |
|
| 852 |
_aNLR _j36-8/2568 |
||
| 942 | _cBOOK | ||
| 980 | _aNB | ||